Tocotrienols vitamin E beyond tocopherols

Saved in:
Bibliographic Details
Other Authors: Watson, Ronald Ross, Preedy, Victor R.
Format: Book
Language:English
Published: Boca Raton, FL CRC Press AOCS Press 2009
Subjects:
Tags: Add Tag
No Tags, Be the first to tag this record!
Call Number :med QU 179 .T636 2009

MARC

LEADER 00000nam a2200000 a 4500
001 43772
003 MY-KLNDU
005 20241219004203.0
008 110620 2009 flua bi 000 0 eng d
020 |a 9781420080377 
039 9 |a 201205281201  |b azraai  |y 201106201538  |z rafizah 
040 |a UPNM 
060 1 0 |a QU 179  |b .T636 2009 
090 |a med QU 179  |b .T636 2009 
245 0 0 |a Tocotrienols  |b vitamin E beyond tocopherols  |c edited by Ronald Ross Watson, Victor R. Preedy 
260 |a Boca Raton, FL  |b CRC Press  |b AOCS Press  |c 2009 
300 |a xviii, 403 p.  |b ill.  |c 26 cm. 
504 |a Includes bibliographical references and index 
592 |a 00003263  |b 7/5/2012  |c RM513.06  |h PDW 
650 0 |a Tocotrienol 
650 2 |a Tocotrienols 
700 1 |a Watson, Ronald Ross 
700 1 |a Preedy, Victor R. 
999 |a vtls000044054  |c 43772  |d 43772